Sanat - "Joulukirkkoon" - Statistics

Yleistilastot
  • Tätä visaa on pelattu 31 kertaa
  • Keskiarvotulos 65 / 76
Vastaustilastot
Vastaus % Oikein
jo
100%
Kello
100%
löi
100%
viis
100%
aukeaa
95%
herätkää
95%
huuhtokaa
95%
ja
95%
ja
95%
jää
95%
Juhani
95%
karhuntalja
95%
lämmin
95%
lapset
95%
Liisi
95%
matka
95%
muuten
95%
reessä
95%
reessä
95%
Ruuna
95%
silmät
95%
silmät
95%
Tässä
95%
vesimalja
95%
eessä
89%
kaks
89%
metsämaa
89%
odottaa
89%
on
89%
on
89%
viisi
89%
aina
84%
alla
84%
ikkunalla
84%
kirkkotiellä
84%
kol
84%
Mäen
84%
nel
84%
nouskaa
84%
olla
84%
rinteen
84%
silmäin
84%
synkkä
84%
Taavetti
84%
tällä
84%
talo
84%
Tiina
84%
törröttää
84%
Vasta
84%
vois
84%
Yks
84%
hymyyn
79%
joka
79%
kaksi
79%
kannoille
79%
käypi
79%
kuu
79%
kynttilää
79%
loistaa
79%
Miina
79%
mökin
79%
pelkkää
79%
pois
79%
riemua
79%
ruunan
79%
siin
79%
suu
79%
tähdet
79%
tepsuttele
79%
Tuossa
79%
vielä
79%
kirkolle
74%
virsta
74%
aisakello
68%
helkkää
68%
kulkee
68%
Ehtoja vastaavia visoja ei löytynyt
Tulosjakauma
Jokaisen tuloksen saaneiden osuus
Persentiili vastausten määrän mukaan
Tuloshistoriasi
Et ole pelannut tätä visaa